03333cam a22003138i 45000010009000000050017000090080041000260100015000670200043000820400037001250430012001620820021001742450091001952600091002863000034003775000024004115040041004355052066004766500053025426510059025956510055026546530024027096550024027337000048027577000034028059420021028399990017028609520142028771739712620150122120424.0120719t2013 xxka frb f001 0 eng d a2012029229 a9780199759927 (cloth : alkaline paper) aICU/DLCbengcICUdDLCdEG-ScBUE ae-ru---00a330.947222bOXF04aThe Oxford handbook of the Russian economy /cedited by Michael Alexeev, Shlomo Weber. aOxford, United Kingdom ;aNew York, United States :bOxford University Press,cc.2013. axiv, 849 p. :bill. ;c26 cm. aIndex : p. 827-849. aIncludes bibliographical references.0 aA look at the past. Modernization and the Russian economy : three hundred years of catching up / Mau and Drobyshevskaya ; Command economy and its legacy / Ericson ; Russia's economic transition / Aslund ; Transformational recession / Popov ; Growth trends in Russia after 1998 / Entov and Lugovoy-Institutions and governance. Institutional performance / Polishchuk ; Corporate governance in Russia / Enikolopov and Stepanov ; The Russian tax system / Alexeev and Conrad ; The unofficial economy in Russia / Kim ; Russian corruption / Levin and Satarov-Resources and environment. Russia's dependence on resources / Gaddy and Ickes ; The Russian oil sector / Moe and Kryukov ; The natural gas sector / Moe and Kryukov ; Russian electricity market: variants of development / Vasin ; The economics of mineral resources / Fortescue ; The challenge of reforming environmental regulation in Russia / Golub, Kozeltsev, Martusevich and Strukova-Financial and real sectors. Economics of the military-industrial complex / Rosefielde ; Blame the switchman? Russian railways restructuring after ten years / Pittman ; Russian agriculture and transition / Lerman and Sedik ; Science, high tech industries and innovation / Makarov and Varshavsky ; Russian banking as an active volcano / Schoors and Yudaeva ; Financial and credit markets / Sutela ; Russian trade and foreign direct investment policy at the crossroads / Tarr and Volchkova-Regions. Economic geography of Russia / Markevich and Mikhailova ; Fiscal federalism: impact of political and fiscal (de)centralization / Alexeev and Weber ; Regional challenges: the case of Siberia / Thornton-Policy and social challenges. Labor market adjustment: is Russia different? / Gimpelson and Kapelushnikov ; Privatization / Brown, Earle, and Gelbach ; Higher education reform and access to college in Russia / Kaganovich ; Russia's healthcare system : difficult path of reform / Shishkin ; Poverty and inequality in Russia / Lokshin and Yemtsov ; Recent demographic developments in the Russian federation / Denisova and Shapiro. 0aEconomic developmentzRussia (Federation)937317 0aRussia (Federation)xEconomic conditionsy1991-937318 0aRussia (Federation)xEconomic policyy1991-937319 bBUSECOcJanuary2015 vreading book9342321 aAlexeev, Michael V.,d1953-eeditor.9373201 aWeber, Shlomoeeditor.937321 2ddck330.947 OXF c18931d18903 00102ddc40708BaccahaMAINbMAINc1STd2015-01-22epurchaseg702.00h21291l0o330.947 OXFp000037355r2025-07-15 00:00:00v878.00yBB